Most Mentioned NBA Players in Rap Music - Statistics

General Stats
  • This quiz has been taken 114 times
  • The average score is 4 of 10
Answer Stats
Mentions Answer % Correct
423 LeBron James
99%
185 Kevin Durant
60%
91 James Harden
47%
69 Kyrie Irving
39%
128 Chris Paul
36%
122 Carmelo Anthony
24%
115 Derrick Rose
21%
389 Steph Curry
20%
68 Blake Griffin
13%
107 Dirk Nowitzki
11%
No matching quizzes found
Score Distribution
Percent of People with Each Score
Percentile by Number Answered
Your Score History
You have not taken this quiz